British strategy; (Record no. 552690)

000 -LEADER
fixed length control field 00507cam a22001451 4500
082 ## - DEWEY DECIMAL CLASSIFICATION NUMBER
Classification number 355.4
Author Mark MAU
100 1# - MAIN ENTRY--PERSONAL NAME
Personal name Maurice, Frederick,
9 (RLIN) 49327
245 10 - TITLE STATEMENT
Title British strategy;
Remainder of title a study of the application of the principles of war,
Statement of responsibility, etc. by Major-General Sir F. Maurice with an introduction by Field-Marshal Sir G. Milne.
260 ## - PUBLICATION, DISTRIBUTION, ETC.
Place of publication, distribution, etc. London,
Name of publisher, distributor, etc. Constable & co. ltd,
Date of publication, distribution, etc. 1935
300 ## - PHYSICAL DESCRIPTION
Extent xvi, 243 p.
Dimensions 23 cm.
526 ## - STUDY PROGRAM INFORMATION NOTE
Program name 0
Interest level 0
Reading level 0
Title point value 355_400000000000000_MAU
650 #0 - SUBJECT ADDED ENTRY--TOPICAL TERM
Topical term or geographic name entry element Strategy
650 #0 - SUBJECT ADDED ENTRY--TOPICAL TERM
Topical term or geographic name entry element War.
942 ## - ADDED ENTRY ELEMENTS (KOHA)
Source of classification or shelving scheme
Koha item type Book
Holdings
Withdrawn status Lost status Source of classification or shelving scheme Damaged status Not for loan Permanent Location Current Location Shelving location Date acquired Total Checkouts Full call number Barcode Date last seen Price effective from Koha item type
          Military College of Engineering (MCE) Military College of Engineering (MCE)   01/21/2015   355.4 MAU MCE-ECB/63 01/21/2015 01/21/2015 Book
© 2023 Central Library, National University of Sciences and Technology. All Rights Reserved.